[Event "VIE-ch U13"]
[Site "Ho Chi Minh City"]
[Date "2022.07.13"]
[Round "4"]
[White "Truong, Khanh Duy"]
[Black "Bui, Quoc Huy"]
[Result "1-0"]
[WhiteElo "2310"]
[BlackElo "2318"]
[PlyCount "65"]
[EventDate "2022.07.11"]
[EventType "swiss"]
[EventRounds "9"]
[EventCountry "VIE"]
[SourceTitle "EXT 2023"]
[Source "ChessBase"]
[SourceDate "2022.10.05"]
[SourceVersion "1"]
[SourceVersionDate "2022.10.05"]
[SourceQuality "1"]

1. e4 c5 2. Nf3 Nc6 3. Bb5 g6 4. Bxc6 bxc6 5. 0-0 Bg7 6. Re1 Nf6 7. e5 Nd5 8. c4 Nb6 9. d4 cxd4 10. Qxd4 0-0 11. Qh4 d6 12. Bh6 f6 13. Bxg7 Kxg7 14. exd6 Qxd6 15. Nc3 e5 16. Rad1 Qe7 17. Rxe5 Qf7 18. Re4 Bf5 19. Rf4 Qc7 20. c5 Nd5 21. Nxd5 cxd5 22. Rb4 Be6 23. Nd4 Bf7 24. c6 Rab8 25. Rxb8 Rxb8 26. Qg3 Qe5 27. Rc1 Rc8 28. Qxe5 fxe5 29. Nb5 a6 30. Nd6 Rc7 31. a4 d4 32. Kf1 Bd5 33. Ne8+ 1-0

[Event "VIE-ch U13"]
[Site "Ho Chi Minh City"]
[Date "2022.07.12"]
[Round "2"]
[White "Bui, Quoc Huy"]
[Black "Pham, Dang Minh"]
[Result "0-1"]
[WhiteElo "2318"]
[BlackElo "2326"]
[PlyCount "114"]
[EventDate "2022.07.11"]
[EventType "swiss"]
[EventRounds "9"]
[EventCountry "VIE"]
[SourceTitle "EXT 2023"]
[Source "ChessBase"]
[SourceDate "2022.10.05"]
[SourceVersion "1"]
[SourceVersionDate "2022.10.05"]
[SourceQuality "1"]

1. e4 c5 2. Nf3 e6 3. d4 cxd4 4. Qxd4 Nc6 5. Qe3 d6 6. Be2 Nf6 7. c4 Be7 8. 0-0 b6 9. Nc3 Bb7 10. h3 0-0 11. Rd1 Qc7 12. b3 Rac8 13. Rb1 Qb8 14. Rb2 Rfd8 15. Rbd2 Ne5 16. Ba3 Bf8 17. Ne1 Rd7 18. f4 Ng6 19. Bf3 Rcd8 20. g3 Qa8 21. Qd3 d5 22. Bxf8 dxe4 23. Qe3 Nxf8 24. Rxd7 Rxd7 25. Rxd7 N8xd7 26. Bg2 Bc6 27. g4 h6 28. g5 hxg5 29. fxg5 Nh5 30. Bxe4 Bxe4 31. Nxe4 Qb8 32. Nd3 Ne5 33. Ndf2 Ng6 34. Nd3 Ngf4 35. Nxf4 Nxf4 36. Nf2 Qd6 37. h4 g6 38. Qf3 Qd4 39. Kh2 Nh5 40. Ng4 Kg7 41. Kg2 e5 42. Kh2 Nf4 43. Nf2 Qd2 44. Kg3 Nh5+ 45. Kh2 e4 46. Qg2 e3 47. Ne4 Qd3 48. Qb2+ Kg8 49. Nc3 Qd4 50. Qc2 Qxh4+ 51. Kg2 Nf4+ 52. Kf3 Ne6 53. Kxe3 Qxg5+ 54. Kd3 Nf4+ 55. Kd2 Nd5+ 56. Ke1 Qg1+ 57. Kd2 Qe3+ 0-1

[Event "VIE-ch U13"]
[Site "Hanoi"]
[Date "2022.06.13"]
[Round "4"]
[White "Bui, Quoc Huy"]
[Black "Ha, Quoc Khanh"]
[Result "1/2-1/2"]
[WhiteElo "2361"]
[BlackElo "2354"]
[PlyCount "68"]
[EventDate "2022.06.11"]
[EventType "swiss"]
[EventRounds "9"]
[EventCountry "VIE"]
[SourceTitle "EXT 2023"]
[Source "ChessBase"]
[SourceDate "2022.10.05"]
[SourceVersion "1"]
[SourceVersionDate "2022.10.05"]
[SourceQuality "1"]

1. e4 e5 2. Nf3 Nc6 3. Bc4 Bc5 4. c3 Nf6 5. d3 d6 6. 0-0 a6 7. Bb3 Ba7 8. h3 h6 9. Re1 0-0 10. Nbd2 Nh5 11. Nf1 Nf4 12. Bxf4 exf4 13. d4 Na5 14. Bc2 c5 15. d5 b5 16. N1d2 g5 17. b4 cxb4 18. cxb4 Nc4 19. Qe2 h5 20. Nxc4 bxc4 21. Nh2 g4 22. hxg4 hxg4 23. Nxg4 Qg5 24. Nh2 Kg7 25. Qf3 Rh8 26. Qc3+ f6 27. Nf3 Qh6 28. Kf1 Bg4 29. Ke2 Qh4 30. Rf1 Qh5 31. a4 Bxf3+ 32. gxf3 Qe5 33. Rg1+ Kf7 34. Qxe5 fxe5 1/2-1/2

[Event "VIE-ch U13"]
[Site "Hanoi"]
[Date "2022.06.11"]
[Round "1"]
[White "Nguyen, Thai Son"]
[Black "Bui, Quoc Huy"]
[Result "1/2-1/2"]
[WhiteElo "2336"]
[BlackElo "2361"]
[PlyCount "124"]
[EventDate "2022.06.11"]
[EventType "swiss"]
[EventRounds "9"]
[EventCountry "VIE"]
[SourceTitle "EXT 2023"]
[Source "ChessBase"]
[SourceDate "2022.10.05"]
[SourceVersion "1"]
[SourceVersionDate "2022.10.05"]
[SourceQuality "1"]

1. d4 Nf6 2. c4 g6 3. Nc3 Bg7 4. e4 d6 5. Nf3 0-0 6. Be2 e5 7. 0-0 Nc6 8. d5 Ne7 9. b4 a5 10. bxa5 Rxa5 11. a4 Ra8 12. Ba3 b6 13. Bb4 Ne8 14. a5 c5 15. dxc6 Nxc6 16. Qd5 Bb7 17. axb6 Rxa1 18. Rxa1 Qxb6 19. Ba5 Nxa5 20. Qxa5 Qxa5 21. Rxa5 Nf6 22. Bd3 Bc6 23. Ra6 Rc8 24. Nd2 Bh6 25. Nb3 Bf8 26. f3 Bd7 27. Na5 Be6 28. Nb5 Nd7 29. Bf1 Nc5 30. Ra7 f5 31. Nc3 fxe4 32. fxe4 Bh6 33. h3 Nxe4 34. Nd1 Nc3 35. Re7 Nxd1 36. Rxe6 Be3+ 37. Kh2 Bc5 38. Nb7 Ne3 39. Bd3 Kg7 40. Nxc5 Rxc5 41. Rxd6 Nxc4 42. Rd7+ Kh6 43. Be4 Ne3 44. Rd3 Nf5 45. Rd5 Rxd5 46. Bxd5 Kg5 47. g3 Kf6 48. Bg8 h6 49. Kg2 e4 50. Kf2 Ke5 51. Bc4 g5 52. Be2 Kd4 53. Bg4 Ne3 54. Be2 Nd5 55. h4 Nb4 56. hxg5 hxg5 57. Bf1 Nd3+ 58. Ke2 e3 59. Kf3 Ne5+ 60. Ke2 g4 61. Kd1 Nf7 62. Be2 Nh6 1/2-1/2